Interactions I : A writing process book

Interactions One: A Writing Process Book, 2/e, is designed to lead students through the writing process and provide an assortment of activities to help them master the wide variety of skills necessary for good writing. Ideal for low-intermediate to intermediate students.

Đã lưu trong:
書目詳細資料
主要作者: Segal, Margaret Keenan
格式: 圖書
語言:Undetermined
出版: New York McGraw-Hill 1990
主題:
標簽: 添加標簽
沒有標簽, 成為第一個標記此記錄!
Thư viện lưu trữ: Trung tâm Học liệu Trường Đại học Cần Thơ
LEADER 00995nam a2200217Ia 4500
001 CTU_140997
008 210402s9999 xx 000 0 und d
082 |a 428.0071 
082 |b I.61w/B.1 
100 |a Segal, Margaret Keenan 
245 0 |a Interactions I : 
245 2 |b A writing process book 
245 0 |c Margaret Keenan Segal, Cheryl Pavlik 
260 |a New York 
260 |b McGraw-Hill 
260 |c 1990 
520 |a Interactions One: A Writing Process Book, 2/e, is designed to lead students through the writing process and provide an assortment of activities to help them master the wide variety of skills necessary for good writing. Ideal for low-intermediate to intermediate students. 
650 |a English language,Tiếng Anh 
650 |x Study and teaching,Dạy và học 
904 |i Trọng Hải, H.Mai chuyển số PL về 428.0071, mã hóa cutter theo tên sách dùng cho cả bộ 
980 |a Trung tâm Học liệu Trường Đại học Cần Thơ